Países que tocan el ecuador - ¡Muerte súbita! - Estadísticas

Estadísticas generales
  • Esta prueba ha sido intentada 4.264 veces
  • La puntuación promedio es 3 de 11
Answers on the Grid
Answers color-coded by a green-red scale on the quiz's grid according to % correct below.
Venezuela
Australia
Bolivia
Brasil
Chad
China
Colombia
Ecuador
Etiopía
Filipinas
Gabón
India
Indonesia
Kenia
Madagascar
Nigeria
Omán
Panamá
Perú
República del Congo
República Democrática del Congo
Santo Tomé y Príncipe
Singapur
Somalia
Sri Lanka
Sudán
Surinam
Tanzania
Uganda
Vietnam
 
Estadísticas de respuestas
Respuesta % Correcto
Ecuador
63%
Brasil
50%
Colombia
33%
República Democrática del Congo
33%
Indonesia
30%
República del Congo
27%
Kenia
18%
Gabón
17%
Santo Tomé y Príncipe
15%
Somalia
14%
Uganda
12%
No se encontraron pruebas coincidentes
Distribución de puntuación
Porcentaje de gente con cada puntuación
Porcentaje por número respondido
Historial de tus puntuaciones
No has intentado esta prueba.